Every Song by Tally Hall - Statistics

General Stats
  • This quiz has been taken 309 times
  • The average score is 24 of 37
Answer Stats
Album Song % Correct
Good & Evil(2011) &
100%
Marvin's Marvelous Mechanical Museum(2005) Ruler of Everything
89%
Marvin's Marvelous Mechanical Museum(Hidden)(2005) Hidden in the Sand
84%
Marvin's Marvelous Mechanical Museum(2005) Welcome to Tally Hall
82%
Marvin's Marvelous Mechanical Museum(2005) Good Day
80%
Marvin's Marvelous Mechanical Museum(2005) Banana Man
78%
Marvin's Marvelous Mechanical Museum(Bonus)(2005) Mucka Blucka
78%
Marvin's Marvelous Mechanical Museum(2005) Greener
77%
Marvin's Marvelous Mechanical Museum(2005) The Bidding
77%
Good & Evil(2011) Turn the Lights Off
74%
Marvin's Marvelous Mechanical Museum(2005) 13
73%
Marvin's Marvelous Mechanical Museum(Bonus)(2005) Dream
73%
Good & Evil(2011) You
73%
Marvin's Marvelous Mechanical Museum(2005) Taken for a Ride
72%
Good & Evil(2011) Cannibal
70%
Marvin's Marvelous Mechanical Museum(2005) The Whole World and You
70%
Marvin's Marvelous Mechanical Museum(2005) Two Wuv
70%
Good & Evil(2011) You & Me
70%
Marvin's Marvelous Mechanical Museum(2005) Be Born
68%
Marvin's Marvelous Mechanical Museum(2005) Haiku
68%
Marvin's Marvelous Mechanical Museum(2005) Spring and a Storm
68%
Good & Evil(2011) Fate of the Stars
66%
Good & Evil(2011) Never Meant to Know
66%
Good & Evil(2011) Hymn for a Scarecrow
65%
Marvin's Marvelous Mechanical Museum(2005) Just Apathy
65%
Good & Evil(2011) A Lady
63%
Good & Evil(2011) The Trap
63%
Good & Evil(2011) Sacred Beast
62%
Good & Evil(2011) Misery Fell
60%
Good & Evil(2011) Out in the Twilight
56%
Good & Evil(2011) Who You Are
55%
The Pingry EP(2005) All of My Friends
42%
Good & Evil(Bonus)(2011) Light & Night
36%
Complete Demos(2004) Stationary Love
33%
Complete Demos(2004) (I Know) It's Just the Same
31%
The Pingry EP(2005) Yearbook
30%
The Pingry EP(2005) Track 09 (Banter Track)
12%
No matching quizzes found
Score Distribution
Percent of People with Each Score
Percentile by Number Answered
Your Score History
You have not taken this quiz